Farmers suicides: (Record no. 506334)

000 -LEADER
fixed length control field 00543nam a2200205Ia 4500
008 - FIXED-LENGTH DATA ELEMENTS--GENERAL INFORMATION
fixed length control field 181130s2018 xx 000 0 und d
100 ## - MAIN ENTRY--PERSONAL NAME
Personal name Manjunatha,, A.V.
245 ## - TITLE STATEMENT
Title Farmers suicides:
Remainder of title an all India study
260 ## - PUBLICATION, DISTRIBUTION, ETC.
Date of publication, distribution, etc. 2018
300 ## - PHYSICAL DESCRIPTION
Extent p.38-46.
504 ## - BIBLIOGRAPHY, ETC. NOTE
-- Feb
650 ## - SUBJECT ADDED ENTRY--TOPICAL TERM
Topical term or geographic name entry element Agriculture
650 ## - SUBJECT ADDED ENTRY--TOPICAL TERM
Topical term or geographic name entry element Agriculture - Research
650 ## - SUBJECT ADDED ENTRY--TOPICAL TERM
Topical term or geographic name entry element Farmers - India
650 ## - SUBJECT ADDED ENTRY--TOPICAL TERM
Topical term or geographic name entry element Farmers suicides - India
650 ## - SUBJECT ADDED ENTRY--TOPICAL TERM
Topical term or geographic name entry element Suicides - India
700 ## - ADDED ENTRY--PERSONAL NAME
Personal name Ramappa, K.B.
773 ## - HOST ITEM ENTRY
Main entry heading Agricultural Situation in India
906 ## - LOCAL DATA ELEMENT F, LDF (RLIN)
a Agriculture
Holdings
Withdrawn status Lost status Damaged status Not for loan Permanent Location Current Location Date acquired Serial Enumeration / chronology Barcode Date last seen Price effective from Koha item type
        Indian Institute of Public Administration Indian Institute of Public Administration 2018-12-07 74(11), Feb, 2018: p.38-46. AR118129 2018-12-07 2018-12-07 Articles

Powered by Koha